<?xml version="1.0" encoding="UTF-8"?><?xml-stylesheet type="text/xsl" href="static/style.xsl"?><OAI-PMH xmlns="http://www.openarchives.org/OAI/2.0/" xmlns:xsi="http://www.w3.org/2001/XMLSchema-instance" xsi:schemaLocation="http://www.openarchives.org/OAI/2.0/ http://www.openarchives.org/OAI/2.0/OAI-PMH.xsd"><responseDate>2026-04-17T14:08:11Z</responseDate><request verb="GetRecord" identifier="oai:www.recercat.cat:2445/165898" metadataPrefix="marc">https://recercat.cat/oai/request</request><GetRecord><record><header><identifier>oai:recercat.cat:2445/165898</identifier><datestamp>2025-12-04T23:46:45Z</datestamp><setSpec>com_2072_1057</setSpec><setSpec>col_2072_478789</setSpec><setSpec>col_2072_478857</setSpec><setSpec>col_2072_478917</setSpec></header><metadata><record xmlns="http://www.loc.gov/MARC21/slim" xmlns:dcterms="http://purl.org/dc/terms/" xmlns:xsi="http://www.w3.org/2001/XMLSchema-instance" xmlns:doc="http://www.lyncode.com/xoai" xsi:schemaLocation="http://www.loc.gov/MARC21/slim http://www.loc.gov/standards/marcxml/schema/MARC21slim.xsd">
   <leader>00925njm 22002777a 4500</leader>
   <datafield ind2=" " ind1=" " tag="042">
      <subfield code="a">dc</subfield>
   </datafield>
   <datafield ind2=" " ind1=" " tag="720">
      <subfield code="a">Martín-Arroyo Sánchez, Daniel J.</subfield>
      <subfield code="e">author</subfield>
   </datafield>
   <datafield ind2=" " ind1=" " tag="260">
      <subfield code="c">2020-06-16T19:29:58Z</subfield>
   </datafield>
   <datafield ind2=" " ind1=" " tag="260">
      <subfield code="c">2020-06-16T19:29:58Z</subfield>
   </datafield>
   <datafield ind2=" " ind1=" " tag="260">
      <subfield code="c">2020</subfield>
   </datafield>
   <datafield ind2=" " ind1=" " tag="520">
      <subfield code="a">El libro completo recoge las contribuciones que colegas y discípulos dedican a José Remesal con motivo de su jubilación como catedrático de Historia Antigua de la Universidad de Barcelona. El contenido es, forzosamente, heterogéneo dada la cantidad de participantes y la diversidad de campos de conocimiento que abarca: de la historia del Próximo Oriente a la antigüedad tardía, de la historia económica a la social, pasando por las instituciones y el derecho. Este hecho refleja la amplitud del magisterio del profesor Remesal, cuyos discípulos trabajan en ámbitos de investigación muy diferentes.</subfield>
   </datafield>
   <datafield ind2=" " ind1=" " tag="520">
      <subfield code="a">El Prof. Remesal cuestiona y motiva las investigaciones que se le presentan.&#xd;
Esta es una de esas investigaciones pues, cuando le comenté la notoriedad&#xd;
epigráfica de los Ti. Claudii en el registro anfórico pompeyano, me animó&#xd;
a que estudiara su presencia en el resto de los testimonios del entorno&#xd;
vesubiano. Bajo su liderazgo y en el seno del Proyecto EPNet, se promueve&#xd;
el conocimiento de las dinámicas comerciales romanas a través del estudio&#xd;
sistemático de los tituli picti sobre diferentes tipos anfóricos. Este Proyecto&#xd;
promueve el desarrollo del Corpus CEIPAC, compilación epigráfica que es&#xd;
fruto de la prolongada labor del grupo de investigación del mismo nombre1.&#xd;
El Corpus CEIPAC está compuesto mayoritariamente por ánforas olearias&#xd;
con sellos impresos. Las inscripciones pintadas y las ánforas con otro tipo&#xd;
de contenidos resultan minoritarias. Para compensar esta diferencia, se ha&#xd;
digitalizado la información referente a los tituli vasis fictilibus inscripti del&#xd;
CIL IV2. Estas inscripciones provienen de Pompeii y su entorno, del contexto&#xd;
arqueológico generado por la erupción del Vesubio en el 79 d.C. La forma&#xd;
Pompeii 8 (PO08; equivalente a Crétoise 2) destaca por su abundancia entre&#xd;
los mencionados vasa fictilia y ha sido objeto preferente de estudio durante&#xd;
los últimos años.</subfield>
   </datafield>
   <datafield tag="653" ind2=" " ind1=" ">
      <subfield code="a">Història antiga</subfield>
   </datafield>
   <datafield tag="653" ind2=" " ind1=" ">
      <subfield code="a">Arqueologia</subfield>
   </datafield>
   <datafield tag="653" ind2=" " ind1=" ">
      <subfield code="a">Homenatges</subfield>
   </datafield>
   <datafield tag="653" ind2=" " ind1=" ">
      <subfield code="a">Ancient history</subfield>
   </datafield>
   <datafield tag="653" ind2=" " ind1=" ">
      <subfield code="a">Archaeology</subfield>
   </datafield>
   <datafield tag="653" ind2=" " ind1=" ">
      <subfield code="a">Festschriften</subfield>
   </datafield>
   <datafield tag="653" ind2=" " ind1=" ">
      <subfield code="a">Remesal Rodríguez, José</subfield>
   </datafield>
   <datafield ind2="0" ind1="0" tag="245">
      <subfield code="a">Los Ti. Claudii en la epigrafía de Pompeii</subfield>
   </datafield>
</record></metadata></record></GetRecord></OAI-PMH>